• 首页
  • 本馆介绍
  • 公告通知
  • 最新文献
  • 馆藏检索
  • 电子资源
  • 读者导购
  • 参考咨询
  • 我的图书馆
  • 登录
  • 详细信息显示
  • 放入我的书架
  • 预约/预借图书
  • 作者相关作品
  • 分类相关作品
  • 丛书相关作品
  • 出版社相关作品

书目信息

  • 表格格式
  • 工作单格式
  • 卡片格式
题名:
农业昆虫学实验实习指导
    
 
作者: 仵均祥 主编
分册:  
出版信息: 北京   中国农业出版社  2011
页数: 280页
开本: 23cm
丛书名:
单 册:
中图分类: S186-33
科图分类:
主题词: 农业害虫--昆虫学--实验--高等学校--教学参考资料 , 农业害虫 , 昆虫学
电子资源:
ISBN: 978-7-109-16221-1
000 01074nam0 2200265 45
001 012001005230
005 20131111152610.0
010    @a978-7-109-16221-1@dCNY33.00
100    @a20120504d2011 em y0chiy50 ea
101 0  @achi
102    @aCN@b110000
105    @aa z 000yy
106    @ar
200 1  @a农业昆虫学实验实习指导@9nong ye kun chong xue shi yan shi xi zhi dao@e北方本@f仵均祥主编
210    @a北京@c中国农业出版社@d2011
215    @a280页@c图@d23cm
300    @a普通高等教育“十一五”国家级规划教材配套教材 全国高等农林院校“十一五”规划教材 植物保护类专业系列教材
330    @a本书共分三部分。第一部分昆虫学基础,安排了13次实验,以昆虫体躯、各体段及其附属器官的基本构造、内部器官等的观察为主,为初学本课程打好基础并全面了解昆虫的分类系统;第二部分常见农业害虫鉴定;第三部分实习与田间调查等。
606 0  @a农业害虫@x昆虫学@x实验@x高等学校@j教学参考资料
606 0  @a农业害虫
606 0  @a昆虫学
690    @aS186-33@v5
701  0 @a仵均祥@9wu jun xiang@f(1961~)@4主编
801  0 @aCN@b江苏凤凰@c20191020
905    @b1213086-9@dS186-33@e119@f4
    
    农业昆虫学实验实习指导:北方本/仵均祥主编.-北京:中国农业出版社,2011
    280页:图;23cm
    普通高等教育“十一五”国家级规划教材配套教材 全国高等农林院校“十一五”规划教材 植物保护类专业系列教材
    
    ISBN 978-7-109-16221-1:CNY33.00
    本书共分三部分。第一部分昆虫学基础,安排了13次实验,以昆虫体躯、各体段及其附属器官的基本构造、内部器官等的观察为主,为初学本课程打好基础并全面了解昆虫的分类系统;第二部分常见农业害虫鉴定;第三部分实习与田间调查等。
●
相关链接 在E读中查询图书 在五车中查询图书 在当当中查询图书 在豆瓣中查询图书


正题名:农业昆虫学实验实习指导     索取号:S186-33/119         预约/预借

序号 登录号 条形码 馆藏地/架位号 状态 备注
1 1213086   212130861   第二样本阅览室/ [索取号:S186-33/119] 在馆    
2 1213087   212130870   第三借阅区/ [索取号:S186-33/119] 在馆    
3 1213088   212130889   第三借阅区/ [索取号:S186-33/119] 在馆    
4 1213089   212130898   第三借阅区/ [索取号:S186-33/119] 在馆    
唐山师范学院图书馆 欢迎您!
大连网信软件有限公司© 版权所有